| 000 | 00577nam a2200205Ia 4500 | ||
|---|---|---|---|
| 003 | IN-BaIIA | ||
| 005 | 20250709140114.0 | ||
| 008 | 211028s9999 xx 000 0 eng d | ||
| 020 | _a0-12-037311-4 | ||
| 040 | _cIIA Library | ||
| 080 |
_a629.19(047.1) _bASS-11 |
||
| 100 |
_aOrdway, I Frederic _97596 |
||
| 245 | 0 |
_aAdvances in space science and technology _bvol. 11 _cI. Frederic Ordway |
|
| 260 |
_aNew York _bAcademic Press _c1972 |
||
| 300 | _axxi, 501p. | ||
| 650 | _aNASA Thesaurus | ||
| 650 | _aSpace Science | ||
| 650 |
_aSpace Technology _93746 |
||
| 942 |
_cBK _2ddc |
||
| 999 |
_c4326 _d4326 |
||